000 00345nam a22001457a 4500
003 OSt
005 20251015095241.0
008 251015b |||||||| |||| 00| 0 eng d
020 _a9789966101341
040 _cKLB
050 _aPL 8704 .K63 2013
245 _aMSITU WA UMA
_cKOBIA, JOHN
260 _aNAIROI, KENYA
_bKLB
_c2013
942 _2lcc
_cBK
_n0
999 _c9622
_d9622